000 00310nam a2200133 i 4500
001 bg
100 1 _aZALEWSKI, K.
245 0 _aWykłady o grupie obrotów.
_nT.12 /
_cK. Zalewski.
260 _aWarszawa,
_c1987.
040 _cBPK
041 _apol
942 _cKS
008 s pl f |000 0 pol
999 _c23722
_d23722
856 _uhttp://koha.tu.koszalin.pl/cgi-bin/koha/opac-detail.pl?biblionumber=23722
_yKatalog online BPK